Alle Bahnhöfe des VRR - Statistiken

Allgemein
  • Dieses Quiz wurde 145 mal gespielt
  • Das Durchschnittsergebnis liegt bei 78 aus 290
Antwortstatistiken
Linien an diesem Bahnhof Bahnhofsname % Korrekt
S28 Wuppertal-Hahnenfurth/Düssel
84%
S1, S2, S5, RB32, RB43, RB50, RB51, RB52, RB53, RB59, RE1, RE3, RE4, RE6, RE57 Dortmund Hbf
82%
S1, RB31, RB32, RB33, RB35, RE1, RE2, RE3, RE5, RE6, RE11, RE42, RE44 Duisburg Hbf
73%
S1, S2, S3, S6, S9, RB33, RB40, RE1, RE2, RE6, RE11, RE14, RE16, RE42, RE49 Essen Hbf
71%
S1, RB40, RB46, RE1, RE6, RE11, RE16 Bochum Hbf
70%
S8, S11, S28 Düsseldorf-Hamm
70%
S1, S6, S11, S28, S68, RB39, RE1, RE2, RE3, RE4, RE5, RE6, RE10, RE11, RE13, RE19 Düsseldorf Hbf
70%
S2, RB32, RB35, RB46, RE2, RE3, RE42 Gelsenkirchen Hbf
70%
S3, RB32, RB35, RB36, RE3, RE5, RE19, RE44, RE49 Oberhausen Hbf
69%
S7, S8, S9, S28 Wuppertal Hbf
69%
S9 Marl-Hamm
68%
S2, RB32, RB43, RE3 Herne
63%
S1, S7, RB48, RE7 Solingen Hbf
63%
S5, S8, S9 Hagen Hbf
61%
S2, S9, RE2, RE42 Recklinghausen Hbf
61%
S1, RE1, RE2, RE3, RE5, RE6, RE11, RE19 Düsseldorf Flughafen
60%
RB40, RE1, RE6, RE11, RE16 Bochum-Wattenscheid
59%
RE5, RE19, RE49 Wesel
59%
S8, S11, S28, RB39, RE4, RE6, RE7, RE13 Neuss Hbf
58%
S8, RB27, RB33, RB34, RB35, RE4, RE8, RE13, RE42 Mönchengladbach Hbf
57%
S1, S3, RB33, RE1, RE2, RE6, RE11, RE42, RE49 Mülheim Hbf
57%
S8, S9, RB48, RE4, RE7, RE13 Wuppertal-Oberbarmen
54%
RB33, RB35, RE7, RE10, RE42 Krefeld Hbf
51%
S8, S9, RB48, RE4, RE13 Wuppertal-Barmen
51%
S9, RE14, RE44 Bottrop Hbf
50%
RB46 Bochum West
49%
RE5, RE19, RE49 Dinslaken
49%
S1, S6, S11 Düsseldorf Zoo
49%
RB31, RE44 Moers
49%
S5, RB40, RE4, RE16 Witten Hbf
49%
RB32, RB35, RE3 Essen-Altenessen
48%
S7 Remscheid Hbf
48%
S2, RB32, RE3 Castrop-Rauxel Hbf
47%
S1, S2, S4 Dortmund-Dorstfeld
47%
S8, S11, S28, RE4, RE6, RE10, RE13 Düsseldorf-Bilk
47%
S1, S3, S9, RB33, RE49 Essen-Steele
47%
S1 Dortmund Universität
44%
S1, S3, S9, RB33, RE14, RE49 Essen West
44%
S4 Dortmund-Lütgendortmund
43%
S8, S9, S28, S68 Wuppertal-Vohwinkel
43%
RB43 Gelsenkirchen Zoo
42%
S3 Hattingen
42%
S1, S3, RB33, RE49 Mülheim-Styrum
42%
S8, S9 Wuppertal-Unterbarmen
42%
S1 Bochum-Langendreer
41%
RE4, RE7, RE13 Ennepetal
41%
S8, S9 Gevelsberg West
41%
S11, RE6, RE7 Dormagen
40%
S8, S9 Gevelsberg Hbf
40%
RE5, RE19 Emmerich
39%
S1, S3 Essen-Steele Ost
39%
RE5, RE19, RE49 Oberhausen Sterkrade
39%
S5, RB40, RE4, RE16 Wetter
39%
RB31 Xanten
39%
S1 Dortmund-Dorstfeld Süd
38%
RB31, RB33, RB35, RE42, RE44 Duisburg-Rheinhausen
38%
RE10 Kleve
38%
S2, RE42 Recklinghausen Süd
38%
RB33, RB35, RE13, RE42 Viersen
38%
S1 Bochum-Langendreer West
37%
RB43, RE14 Dorsten
37%
S6, S68 Düsseldorf-Benrath
37%
S1, S6, S68 Düsseldorf-Oberbilk
37%
RB48 Haan
37%
S3 Hattingen Mitte
37%
RE14 Hervest-Dorsten
37%
S1 Bochum-Wattenscheid-Höntrop
36%
S28 IKEA Kaarst
36%
S3 Mülheim West
36%
S6 Ratingen Ost
36%
S4 Dortmund West
34%
S6 Düsseldorf-Rath
34%
S2, RB32, RB46 RE2, RE3, RE42 Herne-Wanne-Eickel Hbf
34%
S28 Kaarster See
34%
RB33, RB35, RE42 Krefeld-Uerdingen
34%
RB27, RB33, RB34, RE4, RE8 Mönchengladbach-Rheydt Hbf
34%
S1, S11 Düsseldorf-Unterrath
33%
S8, S68 Erkrath
33%
S6 Essen Süd
33%
S1 Hilden
33%
S1 Bochum-Ehrenfeld
32%
S9 Bottrop-Boy
32%
S1 Dortmund-Kley
32%
S11, RE4 Düsseldorf Flughafen Terminal
32%
S1 Essen-Eiberg
32%
S8, S11, S28 Neuss Am Kaiser
32%
RB52, RB53, RB59 Dortmund Signal Iduna Park
31%
S6 Essen-Kettwig
31%
RB53, RB59, RE11, RE57 Dortmund-Hörde
30%
S2, RB32, RE3 Dortmund-Mengede
30%
S1 Dortmund-Oespel
30%
S1 Düsseldorf-Eller
30%
RB27, RB39, RE8 Grevenbroich
30%
S9 Marl Mitte
30%
S3 Bochum-Dahlhausen
29%
S1, S6, S11 Düsseldorf-Derendorf
29%
S1, S3 Essen-Frohnhausen
29%
RB40 Essen-Kray Süd
29%
S6 Essen-Werden
29%
S9, RE14 Gladbeck West
29%
S28 Mettmann Stadtwald
29%
RB59 Dortmund-Aplerbeck
28%
S1 Düsseldorf Angermund
28%
RB43 Gelsenkirchen-Buer Süd
28%
RB33, RB35, RE7, RE10 Krefeld-Oppum
28%
S11 Neuss Süd
28%
RB46 Bochum-Hamme
27%
RE1, RE3 Dortmund-Scharnhorst
27%
S9, RE14 Essen-Borbeck
27%
S3 Essen-Horst
27%
RE42 Marl-Sinsen
27%
S7 Solingen Mitte
27%
S9, RE49 Velbert-Neviges
27%
RB43 Castrop-Rauxel Süd
26%
S4 Dortmund-Körne West
26%
S4 Dortmund-Wickede
26%
S8, S11, S28 Düsseldorf Völklinger Str.
26%
S1, S6, S11 Düsseldorf Wehrhahn
26%
S2 Essen-Kray Nord
26%
S9 Gelsenkirchen-Buer Nord
26%
RB48, S8, S68 Haan-Gruiten
26%
S9 Herten
26%
S8, S11, S28 Neuss Rheinparkcenter
26%
S8, S9, S28 Wuppertal Zoologischer Garten
26%
RE1, RE3 Dortmund-Kurl
24%
RB43 Dortmund-Marten
24%
S8, S28, S68 Düsseldorf-Flingern
24%
S8, S28, S68 Düsseldorf-Gerresheim
24%
S6 Essen-Hügel
24%
S6 Essen Stadtwald
24%
S5, RB40 Hagen-Vorhalle
24%
RB31 Alpen
23%
S4 Dortmund-Marten Süd
23%
S2 Dortmund-Nette/Oestrich
23%
S4 Dortmund-Stadthaus
23%
S1 Duisburg-Großenbaum
23%
RB32, RB35 Essen Zollverein Nord
23%
S8, S9 Gevelsberg-Knapp
23%
RE10 Kevelaer
23%
RB31 Millingen (b. Rheinberg)
23%
S9, RE49 Velbert-Langenberg
23%
S5 Witten-Annen Nord
23%
RB46 Bochum-Riemke
22%
S2 Dortmund-Huckarde
22%
RB43 Dortmund-Lütgendortmund Nord
22%
S4 Dortmund-Wickede West
22%
RB33, RB35 Duisburg-Hochfeld Süd
22%
S1 Duisburg-Rahm
22%
S1 Duisburg-Schlenk
22%
S6, S68 Düsseldorf-Eller Süd
22%
S9 Essen-Dellwig Ost
22%
S8, RE4 Korschenbroich
22%
RB33, RB35 Krefeld-Forsthaus
22%
RB33, RB35 Krefeld-Hohenbudberg Chempark
22%
RB27, RE8 Mönchengladbach-Rheydt-Odenkirchen
22%
S8, S9, S28 Wuppertal-Sonnborn
22%
RB50, RB51 Dortmund-Derne
21%
RB50, RB51 Dortmund-Kirchderne
21%
S4 Dortmund-Knappschaftskrankenhaus
21%
RB33, RB35 Duisburg-Rheinhausen Ost
21%
S8, S11, S28 Düsseldorf-Friedrichstadt
21%
S1, S6, S68 Düsseldorf Volksgarten
21%
RE19 Empel-Rees
21%
RB32, RB35 Essen-Dellwig
21%
S6 Essen-Kettwig Stausee
21%
S9, RE49 Essen-Kupferdreh
21%
S1 Hilden Süd
21%
RB27, RE8 Jüchen
21%
S7 Remscheid-Lennep
21%
S8, S9, S28 Wuppertal-Steinbeck
21%
RB33, RB35 Anrath
20%
S11 Dormagen Chempark
20%
S4 Dortmund-Asseln Mitte
20%
S5 Dortmund-Barop
20%
S4 Dortmund-Germania
20%
S4 Dortmund-Körne
20%
RB36 Duisburg-Meiderich Ost
20%
RB36 Duisburg-Meiderich Süd
20%
S9 Essen-Borbeck Süd
20%
S8, S9 Gevelsberg-Kipp
20%
RB52 Herdecke
20%
S28 Kaarst Mitte/Holzbüttgen
20%
RE5, RE19, RE49 Oberhausen-Holten
20%
RE10 Weeze
20%
RE19 Wesel Feldmark
20%
RE10 Bedburg-Hau
19%
RB53 Dortmund-Aplerbeck Süd
19%
RB43 Dortmund-Huckarde Nord
19%
RB43 Dortmund-Rahm
19%
S1 Düsseldorf-Eller Mitte
19%
RB32, RB35 Essen-Bergeborbeck
19%
S9 Essen-Überruhr
19%
RB43, RE14 Gladbeck-Zweckel
19%
RB33, RB35 Krefeld-Linn
19%
RE7, RE10 Meerbusch-Osterath
19%
RE19 Millingen (b. Rees)
19%
S28 Neanderthal
19%
S1 Solingen Vogelpark
19%
S9 Velbert-Nierenhof
19%
RB43 Dortmund-Bövinghausen
18%
S4 Dortmund-Brackel
18%
S4 Dortmund-Möllerbrücke
18%
RB36 Duisburg-Ruhrort
18%
S6 Düsseldorf-Rath Mitte
18%
RE19 Emmerich-Elten
18%
S28 Erkrath Nord
18%
RE10 Goch
18%
RB52 Hagen-Dahl
18%
RE13 Kaldenkirchen
18%
RB27, RE8 Rommerskirchen
18%
S9 Velbert-Rosenhügel
18%
S4 Dortmund-Somborn
17%
RE13 Dülken
17%
S2 Gelsenkirchen-Rotthausen
17%
RB43 Gladbeck Ost
17%
RE19 Hamminkeln
17%
S8 Mönchengladbach-Lürrip
17%
S11 Neuss-Norf
17%
S8, S9 Wuppertal-Langerfeld
17%
RE13 Boisheim
16%
S8, RE4 Büttgen
16%
S2 Dortmund-Westerfilde
16%
S6, S68 Düsseldorf-Garath
16%
S9 Essen-Gerschede
16%
RE10 Geldern
16%
S8, S68 Hochdahl
16%
RB27, RE8 Hochneukirch
16%
S8, RE4 Kleinenbroich
16%
RB39 Neuss-Holzheim
16%
RE44 Oberhausen-Osterfeld Süd
16%
RE5, RE19, RE49 Voerde (Niederrhein)
16%
RB43, RE14 Bottrop-Feldhausen
14%
S2 Dortmund-Wischlingen
14%
S1 Duisburg-Buchholz
14%
S6, S68 Düsseldorf-Reisholz
14%
S9 Essen-Holthausen
14%
S28 Mettmann Zentrum
14%
RB33 Mönchengladbach-Wickrath
14%
S11 Neuss-Allerheiligen
14%
RE13 Breyell
13%
RB59 Dortmund-Sölde
13%
S6 Hösel
13%
RB39 Kapellen-Wevelinghoven
13%
RB33 Mönchengladbach-Herrath
13%
S9 Wülfrath-Aprath
13%
S5 Dortmund-Kruckel
12%
RB36 Duisburg-Obermeiderich
12%
S6, S68 Düsseldorf-Hellerhof
12%
RB91, RE16 Hagen-Hohenlimburg
12%
RB43 Herne-Börnig
12%
S6, S68 Langenfeld-Berghausen
12%
S6, S68 Langenfeld (Rheinl.)
12%
S11 Nievenheim
12%
RE14 Rhade
12%
S7 Solingen Grünewald
12%
S7 Solingen-Schaberg
12%
RE42 Sythen
12%
S7 Wuppertal-Ronsdorf
12%
RE10 Aldekerk
11%
RB52 Dortmund-Kirchhörde
11%
RB31 Duisburg-Trompet
11%
RE5, RE19, RE49 Friedrichsfeld (Niederrhein)
11%
RB39 Gustorf
11%
S8, S68 Hochdahl-Millrath
11%
RE5, RE19 Mehrhoog
11%
RE19 Praest
11%
RE44 Bottrop-Vonderort
10%
RB43 Castrop-Rauxel-Merklinde
10%
RB52 Dortmund-Löttringhausen
10%
RB52 Dortmund Tierpark
10%
RB31 Duisburg-Rumeln
10%
RB39 Frimmersdorf
10%
S9 Gelsenkirchen-Hassel
10%
RB34 Mönchengladbach-Genhausen
10%
S7 Remscheid-Güldenwerth
10%
RB52 Hagen-Rummenohl
9%
RE10 Nieukerk
9%
S7 Remscheid-Lüttringhausen
9%
RB52 Hagen-Oberhagen
8%
RE19 Hamminkeln-Dingden
8%
RE10 Kempen (Niederrhein)
8%
RE14 Lembeck
8%
RB34 Mönchengladbach-Rheindahlen
8%
RE14 Deuten
7%
RE19 Haldern (Rheinl.)
7%
S28 Kaarster Bf
7%
RB31 Rheinberg (Rheinl.)
7%
RE19 Wesel-Blumenkamp
7%
RB52 Wittbräucke
7%
RE14 Wulfen
7%
Keine übereinstimmenden Quizze gefunden
Verteilung der Resultate
Anzahl Personen mit jedem Resultat
Perzentil nach korrekt beantworteten Fragen
Ihre Resultats-Entwicklung
Sie haben dieses Quiz noch nicht gespielt